000 01156cam a22002415a 4500
001 L144325
002 17437
008 080710s2001 xxk f b 001 0 eng d
020 _a9781847030313
035 _a(Sirsi) u144325
041 0 _aeng
050 0 4 _a347.41067 $2 18
100 1 _aKendall, John
245 0 0 _aExpert determination
250 _a4th rev. ed.
260 _aLondon
_bSweet & Maxwell
_c2001
300 _axliv, 396p.
_c 24cm.
520 _aThis book deals with the entire process of expert determination. It gives guidance and advice on drafting clauses, conducting expert determinations, acting as an expert, challenging and enforing decosions and expert determination across different industry sectors. New material in the fourth edition includes case law coverage and recent decision, expert determination in industries including energy and natural resources, rail, PFI/PP and government procurement and guidance for persons appointed as experts.
521 _aAdvanced
651 4 _aEngland and Wales
_y1543-
690 _aMANAGEMENT-DISPUTE AVOIDANCE, MANAGEMENT AND RESOLUTION-DISPUTE MANAGEMENT AND RESOLUTION
942 _n0
999 _c108455
_d108455